Surveying (Record no. 10442)

000 -LEADER
fixed length control field 00518nam a22002057a 4500
001 - CONTROL NUMBER
control field 10442
003 - CONTROL NUMBER IDENTIFIER
control field BD-DhUET
008 - FIXED-LENGTH DATA ELEMENTS--GENERAL INFORMATION
fixed length control field 150207b xxu||||| |||| 00| 0 eng d
040 ## - CATALOGING SOURCE
Original cataloging agency DLC
Transcribing agency DLC
Modifying agency BD-DhUET
082 ## - DEWEY DECIMAL CLASSIFICATION NUMBER
Classification number 526.9
Item number DAV/1953
100 ## - MAIN ENTRY--PERSONAL NAME
Personal name Davis, Raymond E.
245 ## - TITLE STATEMENT
Title Surveying
Remainder of title theory and Practice
250 ## - EDITION STATEMENT
Edition statement 4th ed.
260 ## - PUBLICATION, DISTRIBUTION, ETC. (IMPRINT)
Place of publication, distribution, etc. New York
Name of publisher, distributor, etc. McGraw Hill
Date of publication, distribution, etc. 1953
300 ## - PHYSICAL DESCRIPTION
Extent xxi, 1021 p.
Other physical details ill.
504 ## - BIBLIOGRAPHY, ETC. NOTE
Bibliography, etc Includes bibliographies
650 #0 - SUBJECT ADDED ENTRY--TOPICAL TERM
Topical term or geographic name as entry element Surveying
700 ## - ADDED ENTRY--PERSONAL NAME
Personal name Foote, Francis S.
942 ## - ADDED ENTRY ELEMENTS (KOHA)
Koha item type General Book
Holdings
Koha normalized classification for sorting Copy number Lost status Source of classification or shelving scheme Withdrawn status Koha date last seen Koha item type Damaged status Not for loan Piece designation (barcode) Location (home branch) Shelving location Sublocation or collection (holding branch) Price effective from Koha full call number Date acquired
526_900000000000000_DAV_19531   2015-02-07General Book  4431Central Library, BUETCirculation sectionCentral Library, BUET2015-02-07526.9/DAV/19532015-02-07
526_900000000000000_DAV_19532   2015-03-28General Book  38217Central Library, BUETCirculation sectionCentral Library, BUET2015-03-28526.9/DAV/19532015-03-28
526_900000000000000_DAV_19533   2015-03-28General Book  479Central Library, BUETCirculation sectionCentral Library, BUET2015-03-28526.9/DAV/19532015-03-28
526_900000000000000_DAV_19534   2015-04-27General Book  2239Central Library, BUETCirculation sectionCentral Library, BUET2015-04-27526.9/DAV/19532015-04-27
526_900000000000000_DAV_19535   2015-06-29General Book  4430Central Library, BUETReading sectionCentral Library, BUET2015-06-29526.9/DAV/19532015-06-29
526_900000000000000_DAV_19536   2015-06-30General Book  2237Central Library, BUETReading sectionCentral Library, BUET2015-06-30526.9/DAV/19532015-06-30